| 000 | 01504nam a22003017a 4500 | ||
|---|---|---|---|
| 999 |
_c40328 _d40328 |
||
| 001 | 10929 | ||
| 003 | CO-MdFUSB | ||
| 005 | 20190202100315.0 | ||
| 008 | 170829t2001 s ||||| |||| 00| 0 s d | ||
| 020 | _a84-8169-026-0 | ||
| 040 |
_aCO-MdFUSB _bspa _cCO-MdFUSB _dCO-MdFUSBC _erda |
||
| 041 | _aspa | ||
| 082 | 0 | 4 | _aG 222.507 B9327m |
| 100 | 1 |
_aBuis, Pierre _eautor |
|
| 245 | 3 |
_aEl libro de los Reyes _c/ Pierre Buis ; traducido por: Nicolás Darrícal _b: |
|
| 250 | _a2 | ||
| 264 | 4 |
_aEstella, Navarra : _b Verbo Divino, _c©2001 |
|
| 300 |
_a63 p. _b: _c; |
||
| 336 |
_2rdacontent _a1 _ba1 |
||
| 337 |
_2rdamedia _a2 _b5 |
||
| 338 |
_2rdacarrier _a2 _b5 |
||
| 500 | _aTítulo original: Le livre des Rois | ||
| 505 | 0 | 0 | _a\I PARTE: lectura del texto -- La armadura del libro: las reseñas -- Salomón (1 Re 1-11) -- Jeroboan (1 Re 11-14) -- Ajab y los profetas (1 Re 16-22) -- El ciclo de Elías ( 1 Re 17 - 2 Re 2) -- El ciclo de Eliseo ( 2 Re 2-13) -- Jehú, el justiciero (2 Re 9-10) -- Ezequías e Isaías (2 Re 18-20) -- Josías (2 Re 22-23) -- Final del reino de Judá (2 Re 23-25) -- Un balance de la historia de los reyes \ II PARTE: una teología de la historia -- Cómo conduce Dios a la historia -- Un libro contestatario -- Los actores de la historia \ Conclusión: ¿con qué quedarse del libro de los Reyes? -- Para proseguir el libro -- Lista de recuadros |
| 650 | 0 |
_aBiblia _916 |
|
| 653 | _aBiblia A.T.- Reyes - Comentarios | ||
| 653 | _aBiblia - Comentarios | ||
| 942 | _cBK | ||